<?xml version="1.0" encoding="UTF-8"?>
<record
    xmlns:xsi="http://www.w3.org/2001/XMLSchema-instance"
    xsi:schemaLocation="http://www.loc.gov/MARC21/slim http://www.loc.gov/standards/marcxml/schema/MARC21slim.xsd"
    xmlns="http://www.loc.gov/MARC21/slim">

  <leader>00318nam a22001217a 4500</leader>
  <controlfield tag="008">241110b        |||||||| |||| 00| 0 eng d</controlfield>
  <datafield tag="022" ind1=" " ind2=" ">
    <subfield code="a">09725784</subfield>
  </datafield>
  <datafield tag="041" ind1=" " ind2=" ">
    <subfield code="a">Eng</subfield>
  </datafield>
  <datafield tag="245" ind1=" " ind2=" ">
    <subfield code="a">Indian Journal of Economics and Business</subfield>
  </datafield>
  <datafield tag="260" ind1=" " ind2=" ">
    <subfield code="a">New Delhi</subfield>
    <subfield code="b">Serials Publications Pvt. Ltd.</subfield>
    <subfield code="c">2024</subfield>
  </datafield>
  <datafield tag="300" ind1=" " ind2=" ">
    <subfield code="a">141 p</subfield>
  </datafield>
  <datafield tag="942" ind1=" " ind2=" ">
    <subfield code="c">SR</subfield>
    <subfield code="s">1</subfield>
  </datafield>
  <datafield tag="999" ind1=" " ind2=" ">
    <subfield code="c">43140</subfield>
    <subfield code="d">43140</subfield>
  </datafield>
  <datafield tag="952" ind1=" " ind2=" ">
    <subfield code="0">0</subfield>
    <subfield code="1">0</subfield>
    <subfield code="2">ddc</subfield>
    <subfield code="4">0</subfield>
    <subfield code="7">0</subfield>
    <subfield code="a">IMTN</subfield>
    <subfield code="b">IMTN</subfield>
    <subfield code="d">2024-11-10</subfield>
    <subfield code="h">Vol. 23, No. 1</subfield>
    <subfield code="l">0</subfield>
    <subfield code="p">P90</subfield>
    <subfield code="r">2024-11-10 00:00:00</subfield>
    <subfield code="w">2024-11-10</subfield>
    <subfield code="y">SR</subfield>
  </datafield>
  <datafield tag="952" ind1=" " ind2=" ">
    <subfield code="0">0</subfield>
    <subfield code="1">0</subfield>
    <subfield code="2">ddc</subfield>
    <subfield code="4">0</subfield>
    <subfield code="7">0</subfield>
    <subfield code="a">IMTN</subfield>
    <subfield code="b">IMTN</subfield>
    <subfield code="d">2025-02-18</subfield>
    <subfield code="h">Vol. 23, No. 2</subfield>
    <subfield code="l">0</subfield>
    <subfield code="p">P145</subfield>
    <subfield code="r">2025-02-18 00:00:00</subfield>
    <subfield code="w">2025-02-18</subfield>
    <subfield code="y">SR</subfield>
  </datafield>
  <datafield tag="952" ind1=" " ind2=" ">
    <subfield code="0">0</subfield>
    <subfield code="1">0</subfield>
    <subfield code="2">ddc</subfield>
    <subfield code="4">0</subfield>
    <subfield code="7">0</subfield>
    <subfield code="a">IMTN</subfield>
    <subfield code="b">IMTN</subfield>
    <subfield code="d">2025-09-13</subfield>
    <subfield code="e">2025-09-13</subfield>
    <subfield code="h">Vol. 24, No. 1</subfield>
    <subfield code="l">0</subfield>
    <subfield code="p">P815</subfield>
    <subfield code="r">2025-10-10 00:00:00</subfield>
    <subfield code="w">2025-09-13</subfield>
    <subfield code="y">SR</subfield>
  </datafield>
</record>
